000 00261nam a2200109Ia 4500
008 201224s9999 xx 000 0 und d
100 _aBasu, Durga Das
245 0 _aComparative Constitutional Law
260 _aDelhi
_bPrentice Hall
300 _a528
942 _cBK
999 _c8656
_d8656